| 000 | 01210cam a2200337 a 4500 | ||
|---|---|---|---|
| 999 |
_c130155 _d130155 |
||
| 001 | 4353878 | ||
| 003 | ARRUPE | ||
| 005 | 20200121143025.0 | ||
| 008 | 890929s1984 enkaf b 001 0ceng c | ||
| 010 | _a 89190463 | ||
| 020 | _a0297784706 | ||
| 020 | _a0297785206 (pbk.) | ||
| 040 |
_aMH _cMH _dDLC |
||
| 043 | _ae-uk--- | ||
| 050 | 1 | 4 |
_aDA88.1.M5 _bH68 1984 |
| 100 | 1 |
_aHough, Richard, _d1922-1999. _948964 |
|
| 245 | 1 | 0 |
_aLouis & Victoria : _bthe first Mountbattens / _cRichard Hough. |
| 250 | _a2nd ed. | ||
| 260 |
_aLondon : _bHutchinson of London, _c1974. |
||
| 300 |
_axvii, 424 p. ; _bill. ; _c23 cm. |
||
| 504 | _aIncludes bibliographical references (p. 392-[401]). | ||
| 600 | 1 | 0 |
_aMilford Haven, Louis Alexander Mountbatten, _cMarquis of, _d1854-1921. _948965 |
| 600 | 1 | 0 |
_aMilford Haven, Victoria Alberta Elizabeth Mathilde Marie, _cMarchioness of, _d1863-1950. _948966 |
| 600 | 3 | 0 |
_aMountbatten family. _948967 |
| 600 | 3 | 0 |
_aBattenberg family. _948968 |
| 650 | 0 |
_aPrincesses _zGreat Britain _vBiography. _948969 |
|
| 650 | 0 |
_aNobility _zGreat Britain _vBiography. _948970 |
|
| 740 | 0 | _aLouis and Victoria. | |
| 906 |
_a7 _bcbc _corignew _du _encip _f19 _gy-gencatlg |
||
| 942 |
_2lcc _cMONOGRAPH |
||